100 QUOTES - Harry Potter and the Chamber of Secrets - Statistics

General Stats
  • This quiz has been taken 313 times
    312 since last reset
  • The average score is 59 of 100
Answer Stats
Quote Character % Correct
Eat slugs! Ron
98%
Mum. Mummy, have you seen my jumper? Ginny
87%
I don't suppose you could tell me why you're trying to kill me. Harry
87%
Professor, sir... your bird... there was nothing I could do... he just caught fire... Harry
78%
Famous Harry Potter, can't even go into a bookshop without making the front page. Draco
77%
No one asked your opinion, you filthy little Mudblood. Draco
75%
I'll be in my bedroom, making no noise and pretending that I don't exist. Harry
75%
Mum fancies him. Ron
75%
I heard you speaking Parseltongue, snake language. Ron
75%
He called me a Mudblood. Hermione
73%
Ugh, essence of Crabbe! Ron
73%
Why spiders? Why couldn't it be "follow the butterflies"? Ron
73%
All right there, Scarhead? Draco
72%
I didn't know you could read. Draco
72%
Tell me, what exactly is the function of a rubber duck? Arthur
70%
Sorry. Lo-lost control of the trolley. Harry
70%
Oculus Reparo. Hermione
70%
It's written in blood. Hermione
70%
Even in the wizarding world, hearing voices isn't a good sign. Hermione
70%
Go on, Ron. I ignored one from my Gran once. It was horrible. Neville
70%
However, you will find that help will always be given at Hogwarts to those who ask for it. Dumbledore
68%
Skulking around Knockturn Alley? Dodgy place. Don't want no one to see you there. Hagrid
68%
I'm trying! Your hand's all sweaty! Harry
68%
Strange... I've never seen spiders act like that. Harry
68%
Where have you been?! Molly
68%
It’s not much, but it’s home. Ron
68%
Your bird may have blinded the Basilisk, but it can still hear you. Tom Riddle
68%
Harry Potter must say he's not going back to school. Dobby
67%
The Chamber of Secrets has indeed been opened again. Dumbledore
67%
It is not wise to be wandering around at this late hour, Tom. Dumbledore
67%
Diagonally. Harry
67%
Our worst fear has been realized, a student has been taken by the monster, into the Chamber itself. McGonagall
67%
Why is it always me? Neville
67%
"Hello, Hagrid. Tell us, have you been setting anything mad and hairy loose in the castle lately?" Ron
67%
Not to mention the damage you inflicted on a Whomping Willow that's been on these grounds since before you were born! Snape
67%
You've got a new Seeker, who? Wood
67%
I'll see you at school. Draco
65%
Therefore, it is only fitting...that you both receive special awards for services to the school. Dumbledore
65%
Voice? What voice? Hermione
65%
If you put another toe out of line, we'll bring you straight home! Molly
65%
How thick could you get? Ron
65%
Perhaps it would be prudent to first teach the students to block unfriendly spells, Professor. Snape
65%
Mandrake, or Mandragora, is used to return those who have been petrified to their original state. Hermione
63%
I didn't get rid of the Bandon Banshee by smiling at him. Lockhart
63%
And great scot! No wonder. Look at the time, we've been here nearly four hours. Spooky how the time flies when one's having fun. Lockhart
63%
Forgive me...your scar is legend, as, of course, is the wizard who gave it to you. Lucius
63%
You lost me my servant! Lucius
63%
Oh...it was dreadful. It happened right here in this very cubicle. Moaning Myrtle
63%
Weasley's wand causes devastation with the simplest spells. Snape
63%
Not kill you, sir. Never kill you. Dobby
62%
Me? Oh, I was, um, I was looking for a Flesh-Eating Slug Repellent. Hagrid
62%
The owl that delivered my release papers got all lost and confused. Some ruddy bird called Errol. Hagrid
62%
I've never seen a more complicated potion. Hermione
62%
I know exactly the countercurse that could've spared her. Lockhart
62%
Look, everyone, Weasley's got himself a Howler. Seamus
62%
There is a plot, a plot to make most terrible things happen. Dobby
60%
Immobulus! Hermione
60%
It's an odd sort of place this is, isn't it? Do you live here? Lockhart
60%
Perhaps he managed to take a picture of his attacker? McGonagall
60%
Sherbet Lemon. McGonagall
58%
Silence, Wood. McGonagall
58%
Longbottom's been neglecting his earmuffs. Sprout
58%
She’s still alive, but only just. Tom Riddle
58%
Hagrid has never sent men into our hollow before. Aragog
57%
What are you doing here? Get out of my house! Hagrid
57%
One, two, three, Vera Verto. McGonagall
57%
Ten points if it goes through her stomach! Fifty points if it goes through her head! Moaning Myrtle
57%
Only this time he chose to act through somebody else by means of this. Dumbledore
55%
Peskipiksi Pesternomi! Lockhart
55%
Vipera. Evanesca. Snape
55%
So you can send secret messages to your freaky little friends? No, sir. Vernon
55%
Leave him alone. Ginny
53%
Can everybody see me? Can you all hear me? Lockhart
53%
Cornish Pixies? Seamus
53%
Oh no, boy! You and that bloody pigeon aren’t going anywhere! Vernon
53%
That's been tampered with, that has! Hagrid
52%
Not today, Mr. Weasley. McGonagall
50%
Stop! Stop! STOP! Ron
50%
What do I do now? Ron
50%
Well, what do you expect, pumpkin juice? Pomfrey
48%
A girl has been snatched by the monster. Snape
48%
She's a little sensitive. Hermione
47%
Brackium Emendo! Lockhart
47%
I'm afraid we feel you've rather lost your touch. Lucius
47%
Not now, bumpkins. Petunia
47%
They're dead scared that Harry'll petrify them if they fly anywhere near him. Fred
45%
Bad business, Hagrid. Very bad business. Fudge
45%
Your skills, after all, are legend. McGonagall
45%
Oh, Mr. Malfoy. Stop making such a fuss. You can go. Pomfrey
45%
Oh, dear, we are in trouble. Filch
43%
Don't even think about it. Harry
43%
I'll be waiting to open the door. Dudley
40%
Good Lord, are you really? Arthur
38%
You can't! You don't understand! Hagrid
35%
I'll kill you. I'll kill you! Filch
33%
I don't know. I was distraught! Moaning Myrtle
32%
Mind your attitude, Malfoy. Percy
28%
What the devil are you doing up here?! Vernon
28%
That's a lie! Aragog
17%
Bee in your bonnet, Potter? Sorting Hat
15%
No matching quizzes found
Score Distribution
Percent of People with Each Score
Percentile by Number Answered
Your Score History
You have not taken this quiz since the last reset